KOHA-Header-6

Changing the Game (Record no. 13457)

000 -LEADER
fixed length control field 00336nam a22001457a 4500
020 ## - INTERNATIONAL STANDARD BOOK NUMBER
ISBN 978-0-730-38913-2
082 ## - DEWEY DECIMAL CLASSIFICATION NUMBER
Classification number 658.4092
Item number MIC
100 ## - MAIN ENTRY--AUTHOR NAME
Personal name Michael Vullings
245 ## - TITLE STATEMENT
Title Changing the Game
250 ## - EDITION STATEMENT
Edition statement 1st ed.
260 ## - PUBLICATION, DISTRIBUTION, ETC. (IMPRINT)
Place of publication Australis
Name of publisher John wiley & sons
Year of publication 2021
300 ## - PHYSICAL DESCRIPTION
Number of Pages xxiv,186 pages
650 ## - SUBJECT ADDED ENTRY--TOPICAL TERM
Topical Term Business
942 ## - ADDED ENTRY ELEMENTS (KOHA)
Koha item type Books
Holdings
Withdrawn status Lost status Collection code Permanent Location Current Location Shelving location Date acquired Source of acquisition Cost, normal purchase price Full call number Accession Number Koha item type
    Business MAJU MAJU Shelf No.A-1 2022-11-24 A.R. Books 3764.00 658.4092 MIC 10546 Books

Powered by Koha